[Event "IX EICC"]
[Site "Plovdiv BUL"]
[Date "2008.04.21"]
[Round "1"]
[White "Bosiocic, Mari"]
[Black "Predojevic, B."]
[Result "1-0"]
[WhiteElo "2503"]
[BlackElo "2651"]
[PlyCount "71"]
[EventDate "2008.04.21"]
[SourceDate "1999.07.01"]

1. e4 c6 2. d4 d5 3. f3 Qb6 4. Nc3 dxe4 5. fxe4 e5 6. dxe5 Bc5 7. Nf3 Be6 8.
Bd3 Be3 9. Na4 Qa5+ 10. b4 Qxa4 11. Bxe3 Qxb4+ 12. Bd2 Qa4 13. Rb1 Nd7 14. Rxb7
Ne7 15. Bb4 c5 16. Bxc5 Qc6 17. Bxe7 Qxb7 18. Bd6 Qb6 19. a4 f6 20. Bb5 Qe3+
21. Qe2 Qc1+ 22. Kf2 Qxh1 23. Nd4 Qxh2 24. Nxe6 Qh4+ 25. Kg1 Kf7 26. Bxd7 Rab8
27. Qf1 Rb6 28. Nf4 Rxd6 29. Qc4+ Kf8 30. Qc8+ Ke7 31. exd6+ Kxd6 32. Qc6+ Ke7
33. Qe6+ Kd8 34. Qd6 Qe1+ 35. Kh2 Qh4+ 36. Bh3+ 1-0

[Event "IX EICC"]
[Site "Plovdiv BUL"]
[Date "2008.04.22"]
[Round "2"]
[White "Mista, A."]
[Black "Galkin, A."]
[Result "0-1"]
[WhiteElo "2537"]
[BlackElo "2606"]
[PlyCount "82"]
[EventDate "2008.04.21"]
[SourceDate "1999.07.01"]

1. e4 c6 2. d4 d5 3. Nd2 dxe4 4. Nxe4 Bf5 5. Ng3 Bg6 6. h4 h6 7. Nf3 Nd7 8. h5
Bh7 9. Bd3 Bxd3 10. Qxd3 e6 11. Bd2 Ngf6 12. O-O-O Qc7 13. Ne4 O-O-O 14. g3
Nxe4 15. Qxe4 Nf6 16. Qe2 Rd5 17. Ne5 Rxd4 18. Bf4 Re4 19. Qd3 Bc5 20. Ng6 Rxf4
21. Nxf4 Qa5 22. Kb1 Bxf2 23. Qf3 Bb6 24. Ne2 Qg5 25. Nc3 Qg4 26. Qxg4 Nxg4 27.
Ne4 f5 28. Nd6+ Kc7 29. Rhe1 Ne3 30. Rd3 Rf8 31. b4 Rd8 32. Nf7 Rxd3 33. cxd3
Kd7 34. Ne5+ Ke7 35. a3 Nd5 36. Ng6+ Kf6 37. Nf8 Be3 38. Rf1 Bd4 39. Re1 e5 40.
Nd7+ Ke6 41. Nxe5 Bc3 0-1

[Event "IX EICC"]
[Site "Plovdiv BUL"]
[Date "2008.04.22"]
[Round "2"]
[White "Socko, B."]
[Black "Vokarev, S."]
[Result "1/2-1/2"]
[WhiteElo "2644"]
[BlackElo "2502"]
[PlyCount "91"]
[EventDate "2008.04.21"]
[SourceDate "1999.07.01"]

1. e4 c6 2. d4 d5 3. e5 Bf5 4. Nd2 e6 5. Nb3 Nd7 6. Nf3 Ne7 7. Be2 Nc8 8. O-O
Be7 9. Be3 O-O 10. Ne1 f6 11. f4 fxe5 12. fxe5 Ncb6 13. Nd2 Na4 14. Rb1 c5 15.
Bg4 Bg5 16. Bxg5 Qxg5 17. Bxf5 Rxf5 18. Rxf5 Qxf5 19. c3 b5 20. Ndf3 c4 21. Qc2
Qxc2 22. Nxc2 h6 23. Kf2 Kf7 24. Ke3 Ke7 25. Kd2 Rc8 26. Ne3 b4 27. Kc2 a5 28.
Rf1 bxc3 29. bxc3 Rb8 30. Nd1 Rf8 31. Nb2 Nab6 32. Rb1 Rb8 33. h4 g6 34. Nd1
Na4 35. Rxb8 Nxb8 36. Nf2 Nc6 37. Ng4 Na7 38. Ng1 Nb5 39. Ne2 Na3+ 40. Kc1 Nb5
41. Kd2 h5 42. Nh2 Nb2 43. Nf4 Na4 44. Ne2 Nb2 45. Nf4 Na4 46. Ne2 1/2-1/2

[Event "IX EICC"]
[Site "Plovdiv BUL"]
[Date "2008.04.23"]
[Round "3"]
[White "Sutovsky, E."]
[Black "Miladinovic, I."]
[Result "1-0"]
[WhiteElo "2630"]
[BlackElo "2579"]
[PlyCount "65"]
[EventDate "2008.04.21"]
[SourceDate "1999.07.01"]

1. e4 c6 2. d4 d5 3. e5 c5 4. Nf3 Nc6 5. c4 Bg4 6. cxd5 Bxf3 7. Qxf3 Nxd4 8.
Qd1 Qxd5 9. Bb5+ Kd8 10. O-O e6 11. Nc3 Qxe5 12. b4 Nf6 13. Re1 Qh5 14. Be2 Qf5
15. Bd3 Qh5 16. Be2 Qf5 17. Be3 e5 18. f4 h5 19. h3 Nd7 20. Bd3 Qe6 21. Ne4 Qd5
22. Ng5 f6 23. Be4 Qg8 24. Nf3 Rc8 25. fxe5 fxe5 26. Rc1 Bd6 27. bxc5 Rxc5 28.
Nxd4 exd4 29. Qxd4 Qe6 30. Bxb7 Kc7 31. Bd5 Qe7 32. Qd2 Qf6 33. Qa5+ 1-0

[Event "IX EICC"]
[Site "Plovdiv BUL"]
[Date "2008.04.23"]
[Round "3"]
[White "Mamedov, Rau"]
[Black "Dziuba, M."]
[Result "1-0"]
[WhiteElo "2617"]
[BlackElo "2577"]
[PlyCount "80"]
[EventDate "2008.04.21"]
[SourceDate "1999.07.01"]

1. e4 c6 2. d4 d5 3. Nd2 dxe4 4. Nxe4 Bf5 5. Ng3 Bg6 6. h4 h6 7. Nf3 Nd7 8. h5
Bh7 9. Bd3 Bxd3 10. Qxd3 e6 11. Bd2 Ngf6 12. O-O-O Be7 13. Qe2 O-O 14. Nf1 Qb6
15. g4 Qa6 16. Qxa6 bxa6 17. Rg1 c5 18. Be3 Rac8 19. N1d2 Nd5 20. c4 N7b6 21.
dxc5 Bxc5 22. Bxc5 Rxc5 23. b3 Nc3 24. Rde1 Nxa2+ 25. Kb1 Nb4 26. Ne4 Rc7 27.
g5 hxg5 28. Rxg5 f6 29. Rg6 Nd3 30. Reg1 Nf4 31. Rxf6 Nxh5 32. Rxf8+ Kxf8 33.
Neg5 Re7 34. Ne5 Ke8 35. Rh1 g6 36. f4 Rg7 37. Nxe6 Re7 38. Ng5 Rg7 39. f5 Nf6
40. Nxg6 Rg8 1-0

[Event "IX EICC"]
[Site "Plovdiv BUL"]
[Date "2008.04.23"]
[Round "3"]
[White "Mamedov, Nid"]
[Black "Pantsulaia, L."]
[Result "0-1"]
[WhiteElo "2577"]
[BlackElo "2617"]
[PlyCount "130"]
[EventDate "2008.04.21"]
[SourceDate "1999.07.01"]

1. e4 c6 2. d4 d5 3. e5 Bf5 4. Nf3 e6 5. Be2 Nd7 6. O-O Ne7 7. c3 c5 8. dxc5
Nxc5 9. Na3 Nc6 10. Bg5 Be7 11. Bxe7 Qxe7 12. Nb5 O-O 13. Nbd4 Be4 14. Nxc6
bxc6 15. Qd4 Nd7 16. Rfe1 Rfb8 17. b3 a5 18. Nd2 Bg6 19. f4 Qa3 20. Bd3 a4 21.
Bxg6 hxg6 22. c4 axb3 23. axb3 Qc5 24. Nf3 Qxd4+ 25. Nxd4 Rxa1 26. Rxa1 c5 27.
Nb5 g5 28. g3 gxf4 29. gxf4 g5 30. Ra7 dxc4 31. bxc4 Rd8 32. fxg5 Nxe5 33. Rc7
Nf3+ 34. Kf2 Nxg5 35. Ke3 f5 36. Rxc5 Kf7 37. Rc8 Rxc8 38. Nd6+ Kf6 39. Nxc8 e5
40. c5 f4+ 41. Kd3 e4+ 42. Kd4 e3 43. Kd3 Nf7 44. Nb6 Ne5+ 45. Ke2 Kf5 46. Nc8
Nc6 47. Nd6+ Ke5 48. Kd3 Nb4+ 49. Ke2 Na6 50. Nb7 Kd5 51. h4 Nc7 52. h5 Ne6 53.
h6 Nd4+ 54. Kf1 f3 55. h7 Nb3 56. h8=Q Nd2+ 57. Kg1 f2+ 58. Kh2 f1=Q 59. Qd8+
Kc4 60. Nd6+ Kb3 61. Qg8+ Kb2 62. Qg7+ Kc2 63. Qa7 Qf4+ 64. Kh3 Qf3+ 65. Kh4 e2
0-1

[Event "IX EICC"]
[Site "Plovdiv BUL"]
[Date "2008.04.23"]
[Round "3"]
[White "Hracek, Z."]
[Black "Grigoriants, S RUS."]
[Result "0-1"]
[WhiteElo "2613"]
[BlackElo "2573"]
[PlyCount "100"]
[EventDate "2008.04.21"]
[SourceDate "1999.07.01"]

1. e4 c6 2. d4 d5 3. e5 Bf5 4. Nf3 e6 5. Be2 Nd7 6. O-O Bg6 7. c3 c5 8. c4 dxc4
9. d5 b5 10. a4 exd5 11. Qxd5 Ne7 12. Qb7 Rb8 13. Qxa7 Nc6 14. Qa6 Nb4 15. Qa7
Nc6 16. Qa6 Rb6 17. axb5 Rxa6 18. bxa6 Bxb1 19. Rxb1 Nb6 20. Bd2 Be7 21. Bc3
O-O 22. Nd2 Nd4 23. Bxd4 cxd4 24. Nxc4 d3 25. Bxd3 Qxd3 26. Nxb6 Qxa6 27. Nd5
Qe6 28. Nxe7+ Qxe7 29. Rfe1 Rb8 30. Re2 h6 31. Rbe1 Rb6 32. h3 Qe6 33. Rd1 Rb5
34. Rde1 Kf8 35. Kf1 Ke7 36. Kg1 Qb6 37. Rd2 Qa5 38. Rde2 Rxb2 39. Re3 Qd2 40.
Rf1 Ke6 41. Rg3 g6 42. Rf3 Rb7 43. Re3 Rb5 44. Rfe1 Rb2 45. Rf1 Rc2 46. Re4 Rc3
47. Rfe1 Rc1 48. Rxc1 Qxc1+ 49. Kh2 Qc2 50. Rf4 Qa2 0-1

[Event "IX EICC"]
[Site "Plovdiv BUL"]
[Date "2008.04.23"]
[Round "3"]
[White "Parligras, M."]
[Black "Asrian, K."]
[Result "1/2-1/2"]
[WhiteElo "2561"]
[BlackElo "2630"]
[PlyCount "34"]
[EventDate "2008.04.21"]
[SourceDate "1999.07.01"]

1. e4 c6 2. d4 d5 3. e5 Bf5 4. Nf3 e6 5. Be2 Bg6 6. O-O Ne7 7. Nbd2 Nf5 8. Nb3
Nd7 9. a4 Rc8 10. a5 Be7 11. c4 dxc4 12. Bxc4 O-O 13. Bf4 Nh4 14. Nxh4 Bxh4 15.
Qd2 Be7 16. Rfe1 b6 17. Rec1 bxa5 1/2-1/2

[Event "IX EICC"]
[Site "Plovdiv BUL"]
[Date "2008.04.23"]
[Round "3"]
[White "Fedorov, Alex"]
[Black "Kharitonov, Alexandr"]
[Result "1-0"]
[WhiteElo "2603"]
[BlackElo "2526"]
[PlyCount "109"]
[EventDate "2008.04.21"]
[SourceDate "1999.07.01"]

1. e4 c6 2. d4 d5 3. e5 Bf5 4. Nd2 e6 5. Nb3 c5 6. dxc5 Bxc5 7. Nxc5 Qa5+ 8. c3
Qxc5 9. Qa4+ Nd7 10. Nf3 Qc7 11. Bb5 a6 12. O-O Rc8 13. Bxd7+ Qxd7 14. Qa3 Ne7
15. Bg5 h6 16. Bxe7 Qxe7 17. Qa4+ Qd7 18. Qxd7+ Kxd7 19. Nd4 Bh7 20. Rfe1 Ke7
21. Re3 Bg6 22. Kf1 Be4 23. f3 Bg6 24. Ke2 Rc7 25. Kd2 Rcc8 26. h4 h5 27. a4
Rc4 28. a5 Rhc8 29. Ra3 R4c5 30. Re1 Kd7 31. Ke3 Rb8 32. Rea1 Kc7 33. Rb3 b6
34. axb6+ Rxb6 35. Rxb6 Kxb6 36. Kf4 Rc8 37. Kg5 Re8 38. b4 Re7 39. Ra5 Rc7 40.
Ra3 Re7 41. Ne2 Rd7 42. Nf4 d4 43. cxd4 Rxd4 44. Nxg6 fxg6 45. g3 Rxb4 46. Kxg6
a5 47. Kxg7 a4 48. f4 Kc5 49. f5 exf5 50. e6 f4 51. e7 Re4 52. Kf7 Kb4 53. Rf3
a3 54. e8=Q Rxe8 55. Rxf4+ 1-0

[Event "IX EICC"]
[Site "Plovdiv BUL"]
[Date "2008.04.24"]
[Round "4"]
[White "Saric, Iv"]
[Black "Galkin, A."]
[Result "1/2-1/2"]
[WhiteElo "2500"]
[BlackElo "2606"]
[PlyCount "66"]
[EventDate "2008.04.21"]
[SourceDate "1999.07.01"]

1. e4 c6 2. d4 d5 3. Nc3 dxe4 4. Nxe4 Bf5 5. Ng3 Bg6 6. h4 h6 7. Nf3 Nd7 8. h5
Bh7 9. Bd3 Bxd3 10. Qxd3 e6 11. Bd2 Ngf6 12. O-O-O Qc7 13. Ne4 O-O-O 14. g3
Nxe4 15. Qxe4 Nf6 16. Qe2 Rd5 17. Bf4 Bd6 18. Be5 c5 19. Bxd6 Rxd6 20. dxc5
Qxc5 21. Ne5 Rf8 22. Rxd6 Qxd6 23. Rd1 Qc7 24. Rd4 Kb8 25. c4 Kc8 26. f4 Rd8
27. Rxd8+ Kxd8 28. g4 Ke8 29. Qf2 b5 30. b3 bxc4 31. bxc4 Nd7 32. Qd4 Nc5 33.
Kc2 f6 1/2-1/2

[Event "IX EICC"]
[Site "Plovdiv BUL"]
[Date "2008.04.24"]
[Round "4"]
[White "Socko, B."]
[Black "Narciso Dublan, M."]
[Result "1-0"]
[WhiteElo "2644"]
[BlackElo "2509"]
[PlyCount "135"]
[EventDate "2008.04.21"]
[SourceDate "1999.07.01"]

1. e4 c6 2. d4 d5 3. e5 Bf5 4. Nd2 e6 5. Nb3 Nd7 6. Nf3 Ne7 7. Be2 Nc8 8. O-O
Be7 9. Ne1 O-O 10. f4 Bg6 11. Be3 Ncb6 12. Nd2 c5 13. c3 cxd4 14. cxd4 Nc4 15.
Nxc4 dxc4 16. d5 Bc5 17. Bxc5 Nxc5 18. dxe6 Bd3 19. e7 Qxe7 20. Bxd3 Nxd3 21.
Nxd3 Rad8 22. Rf3 f6 23. Rc1 cxd3 24. Rxd3 fxe5 25. Rxd8 Rxd8 26. Qb3+ Kh8 27.
Qe3 e4 28. Re1 Re8 29. Qxa7 Qb4 30. Qf2 h6 31. h3 Qc4 32. b3 Qa6 33. Qe2 Qa7+
34. Kh2 e3 35. Qd3 Qc5 36. a4 Qb4 37. Rxe3 Qxf4+ 38. Rg3 Qc7 39. Qc3 Qe7 40.
Qd4 Qc7 41. Qc3 Qd7 42. a5 Re7 43. Qc5 Rf7 44. b4 Rf5 45. Qc3 Rd5 46. Rg6 Rd6
47. Rxd6 Qxd6+ 48. Qg3 Qd5 49. Qc7 Kh7 50. Qc5 Qd8 51. Qf5+ Kh8 52. Qe5 Kh7 53.
b5 Qxa5 54. Qe4+ Kh8 55. Qxb7 Qd8 56. Qc6 Qb8+ 57. Kh1 Qf4 58. Qc8+ Kh7 59.
Qc2+ Kh8 60. Qb1 Qb8 61. b6 Qb7 62. Qb4 Kh7 63. Qd6 Qa6 64. Qc7 Qa1+ 65. Kh2
Qa5 66. Qc2+ Kh8 67. Qb1 Qe5+ 68. Kh1 1-0

[Event "IX EICC"]
[Site "Plovdiv BUL"]
[Date "2008.04.25"]
[Round "5"]
[White "Movsesian, S."]
[Black "Grigoriants, S RUS."]
[Result "1-0"]
[WhiteElo "2695"]
[BlackElo "2573"]
[PlyCount "97"]
[EventDate "2008.04.21"]
[SourceDate "1999.07.01"]

1. e4 c6 2. d4 d5 3. e5 Bf5 4. Nf3 e6 5. Be2 Nd7 6. O-O h6 7. Nbd2 Ne7 8. Nb3
g5 9. Bd2 Bg7 10. Na5 Rb8 11. c4 b6 12. Nb3 O-O 13. Rc1 dxc4 14. Rxc4 Be4 15.
h4 g4 16. Ne1 Bd5 17. Rc3 c5 18. Bxg4 cxd4 19. Rg3 Nxe5 20. Bh3 N7g6 21. h5 f5
22. Nxd4 Bc4 23. Nec2 Bxf1 24. Kxf1 Qh4 25. hxg6 Rbd8 26. Bc3 Nc6 27. Rd3 Ne5
28. Rd2 Nc4 29. Re2 e5 30. Qd3 exd4 31. Qxc4+ Kh8 32. Bb4 Rfe8 33. Rxe8+ Rxe8
34. Qd3 f4 35. Ne1 Qh5 36. Nf3 Qd5 37. b3 a5 38. Bd2 Rf8 39. Kg1 a4 40. bxa4
Qxa2 41. Qb5 Qc2 42. Qxb6 Qxa4 43. Qd6 Qe8 44. Bxf4 Rf6 45. Qxd4 Qxg6 46. Qe3
Rf8 47. Be5 Re8 48. Bxg7+ Kxg7 49. Ne5 1-0

[Event "IX EICC"]
[Site "Plovdiv BUL"]
[Date "2008.04.25"]
[Round "5"]
[White "Efimenko, Z."]
[Black "Macieja, B."]
[Result "1/2-1/2"]
[WhiteElo "2660"]
[BlackElo "2599"]
[PlyCount "206"]
[EventDate "2008.04.21"]
[SourceDate "1999.07.01"]

1. e4 c6 2. d4 d5 3. e5 Bf5 4. Nf3 e6 5. Be2 c5 6. Be3 cxd4 7. Nxd4 Ne7 8. c4
Nbc6 9. Qa4 a6 10. Nc3 dxc4 11. O-O-O Bd3 12. Bxd3 cxd3 13. Rxd3 Qa5 14. Qb3
Nb4 15. Rdd1 Ned5 16. Kb1 Nxe3 17. fxe3 Be7 18. a3 Nd5 19. Nxd5 Qxd5 20. Qxd5
exd5 21. Ne2 Bg5 22. Nc3 O-O 23. Nxd5 Rae8 24. Nb6 Re6 25. Nd7 Rc8 26. Rc1 Rd8
27. Rhd1 g6 28. Rd3 Kg7 29. Rc7 b5 30. Kc2 Re7 31. Kd2 h5 32. Ke2 Kh6 33. b4
Kg7 34. Rd6 Kh6 35. Rd4 Kg7 36. Rb7 h4 37. Rc7 Kh6 38. Kf3 Kg7 39. Ke2 Kh6 40.
Kd3 Kg7 41. Rd5 Kh6 42. h3 Kg7 43. Kd4 Ra8 44. Rc2 Rae8 45. Rc6 Rd8 46. Nf6 Ra8
47. Ne4 Bh6 48. Nf6 Bg5 49. Rdd6 a5 50. bxa5 Rxa5 51. Rc8 Ra4+ 52. Kd5 Bxe3 53.
Rg8+ Kh6 54. Rh8+ Kg5 55. Ne4+ Rxe4 56. Kxe4 Bc5 57. Rd5 Bxa3 58. Rxb5 Rc7 59.
Ra8 Be7 60. Ra2 Bf8 61. Rf2 Bg7 62. e6+ f5+ 63. Kd5 Kf6 64. Re2 Bf8 65. Ra5 Be7
66. Ra6 Rc5+ 67. Kd4 Rb5 68. Rc6 Ra5 69. Rc4 Ra6 70. Kd3 Kg5 71. Rd4 Ra3+ 72.
Kc4 Ra5 73. Rd5 Ra4+ 74. Kb5 Rb4+ 75. Kc6 Kf6 76. Ra5 Rc4+ 77. Kd5 Rb4 78. Ra8
Rb6 79. Rh8 Rd6+ 80. Kc4 Kg7 81. Ra8 Kf6 82. Ra4 Rxe6 83. Rxe6+ Kxe6 84. Ra6+
Kf7 85. Kd5 Bg5 86. Ke5 Kg7 87. Ke6 Kf8 88. Ra7 Kg8 89. Rb7 Kf8 90. Rd7 Kg8 91.
Rf7 Kh8 92. Kd7 Kg8 93. Ke8 Bf4 94. Ra7 Bg5 95. Ra4 Kg7 96. Kd7 Kf7 97. Kd6 Kf6
98. Kd5 Kf7 99. Ke5 Bf6+ 100. Kf4 Ke6 101. Ra7 Kd6 102. Rb7 Ke6 103. Rh7 Be7
1/2-1/2

[Event "IX EICC"]
[Site "Plovdiv BUL"]
[Date "2008.04.25"]
[Round "5"]
[White "Guseinov, G."]
[Black "Erdos, V."]
[Result "1/2-1/2"]
[WhiteElo "2625"]
[BlackElo "2576"]
[PlyCount "69"]
[EventDate "2008.04.21"]
[SourceDate "1999.07.01"]

1. e4 c6 2. d4 d5 3. Nd2 dxe4 4. Nxe4 Nd7 5. Nf3 Ngf6 6. Ng3 c5 7. Bd3 cxd4 8.
Nxd4 g6 9. O-O Bg7 10. Re1 O-O 11. c3 a6 12. Bc2 Re8 13. Bg5 h6 14. Be3 e5 15.
Nf3 Qc7 16. Qd2 Ng4 17. Ne4 Nxe3 18. Rxe3 Nf8 19. Qd6 Qe7 20. Qxe7 Rxe7 21. Nd6
f5 22. Nxc8 Rxc8 23. Rd1 Bf6 24. Ree1 Kg7 25. Bb3 Nd7 26. Rd5 Rc7 27. Kf1 h5
28. Red1 Nc5 29. Bc2 Ne6 30. g3 e4 31. Ng1 Ng5 32. h4 Nh7 33. Ne2 Be5 34. Rd8
Nf6 35. Bb3 1/2-1/2

[Event "IX EICC"]
[Site "Plovdiv BUL"]
[Date "2008.04.25"]
[Round "5"]
[White "Szabo, G ROM."]
[Black "Popov, Iv RUS"]
[Result "1/2-1/2"]
[WhiteElo "2516"]
[BlackElo "2594"]
[PlyCount "35"]
[EventDate "2008.04.21"]
[SourceDate "1999.07.01"]

1. e4 c6 2. d4 d5 3. Nc3 dxe4 4. Nxe4 Bf5 5. Ng3 Bg6 6. Nf3 Nd7 7. h4 h6 8. h5
Bh7 9. Bd3 Bxd3 10. Qxd3 e6 11. Bf4 Qa5+ 12. Bd2 Bb4 13. c3 Be7 14. c4 Qc7 15.
O-O-O Ngf6 16. Kb1 O-O 17. Rhe1 Rad8 18. Qc2 1/2-1/2

[Event "IX EICC"]
[Site "Plovdiv BUL"]
[Date "2008.04.25"]
[Round "5"]
[White "Almasi, Z."]
[Black "Anastasian, A."]
[Result "1-0"]
[WhiteElo "2674"]
[BlackElo "2560"]
[PlyCount "87"]
[EventDate "2008.04.21"]
[SourceDate "1999.07.01"]

1. e4 c6 2. d4 d5 3. e5 Bf5 4. Nf3 e6 5. Be2 Bg6 6. O-O Ne7 7. Nbd2 Nf5 8. Nb3
Nd7 9. Bd2 Rc8 10. c3 Be7 11. g4 Nh6 12. Ne1 f6 13. exf6 Bxf6 14. f4 Bh4 15.
Ng2 Be7 16. Re1 O-O 17. Bf1 Be4 18. Rxe4 dxe4 19. Bc4 Bd6 20. Bxe6+ Kh8 21. g5
Nf5 22. Qg4 g6 23. Re1 c5 24. d5 c4 25. Nd4 Bc5 26. Ne3 Nb6 27. Nexf5 gxf5 28.
Bxf5 Rc7 29. Bxe4 Nxd5 30. Bf5 Nb6 31. Be4 Nd5 32. Kh1 Bxd4 33. cxd4 c3 34.
bxc3 Nxc3 35. Bg2 Qxd4 36. Be3 Qc4 37. Rc1 b5 38. Qh3 b4 39. Qh6 Rcf7 40. Qd6
Rxf4 41. Qe5+ Kg8 42. Bxf4 Qxf4 43. Qe6+ Qf7 44. Qa6 1-0

[Event "IX EICC"]
[Site "Plovdiv BUL"]
[Date "2008.04.25"]
[Round "5"]
[White "Baklan, V."]
[Black "Ovetchkin, R."]
[Result "1-0"]
[WhiteElo "2647"]
[BlackElo "2556"]
[PlyCount "41"]
[EventDate "2008.04.21"]
[SourceDate "1999.07.01"]

1. e4 c6 2. d4 d5 3. e5 Bf5 4. Nf3 e6 5. Be2 Ne7 6. O-O Ng6 7. Ne1 h5 8. c3 h4
9. Nc2 c5 10. Ne3 Bxb1 11. Rxb1 Nc6 12. b4 cxd4 13. cxd4 Qb6 14. Nc2 Nge7 15.
b5 Nf5 16. Bb2 Nce7 17. Bd3 g6 18. a4 Qa5 19. Na1 Bh6 20. Nb3 Qxa4 21. Bc3 1-0

[Event "IX EICC"]
[Site "Plovdiv BUL"]
[Date "2008.04.25"]
[Round "5"]
[White "Sokolov, And1"]
[Black "Kharitonov, Alexandr"]
[Result "1/2-1/2"]
[WhiteElo "2596"]
[BlackElo "2526"]
[PlyCount "55"]
[EventDate "2008.04.21"]
[SourceDate "1999.07.01"]

1. e4 c6 2. d4 d5 3. e5 Bf5 4. Nf3 e6 5. Be2 Nd7 6. O-O Bg6 7. b3 Nh6 8. g3 Nf5
9. Ng5 Be7 10. Nh3 f6 11. Bb2 c5 12. Nf4 Bf7 13. Bg4 Nxd4 14. Bxd4 cxd4 15.
exf6 Bxf6 16. Bxe6 Ne5 17. Bxf7+ Kxf7 18. c3 Ng6 19. Nh5 dxc3 20. Nxf6 gxf6 21.
Nxc3 d4 22. Nb5 Qb6 23. Na3 Rad8 24. Nc4 Qc6 25. Rc1 Qd5 26. f4 h5 27. Qf3 h4
28. Qxd5+ 1/2-1/2

[Event "IX EICC"]
[Site "Plovdiv BUL"]
[Date "2008.04.26"]
[Round "6"]
[White "Kryvoruchko, Y."]
[Black "Khairullin, I."]
[Result "1/2-1/2"]
[WhiteElo "2612"]
[BlackElo "2554"]
[PlyCount "123"]
[EventDate "2008.04.21"]
[SourceDate "1999.07.01"]

1. e4 c6 2. d4 d5 3. exd5 cxd5 4. c4 Nf6 5. Nc3 Nc6 6. Bg5 e6 7. Nf3 Be7 8. Bd3
O-O 9. O-O dxc4 10. Bxc4 b6 11. a3 Na5 12. Bd3 Bb7 13. Bc2 Bxf3 14. Qxf3 Qxd4
15. Rfe1 Qc5 16. h4 Rac8 17. Rac1 Qd6 18. Red1 Qe5 19. Re1 Qd6 20. h5 Qc5 21.
Bxf6 Bxf6 22. b4 Qxc3 23. Bxh7+ Kxh7 24. Rxc3 Rxc3 25. Qe4+ Kg8 26. bxa5 Rxa3
27. axb6 axb6 28. Rb1 Ra5 29. g4 Ra2 30. Qc4 Rd2 31. Qf4 Rd4 32. Qg3 Bg5 33.
Rxb6 f5 34. gxf5 exf5 35. Qe5 Rg4+ 36. Kf1 Bh6 37. Qe6+ Kh8 38. Qe7 Kg8 39. Rg6
Re4 40. Qd7 Re5 41. Qd6 Ree8 42. Kg2 Rf7 43. Kf3 Ref8 44. Qe6 Kh7 45. Rxh6+
gxh6 46. Qg6+ Kh8 47. Qxh6+ Kg8 48. Kf4 Rf6 49. Qg5+ Kh7 50. Ke5 Rh6 51. f3 Rf7
52. Kf4 Rd6 53. Qg1 Rh6 54. Qh2 Ra6 55. Kg5 Rg7+ 56. Kxf5 Rf7+ 57. Ke5 Rxf3 58.
Qc2+ Kh6 59. Qc1+ Kh7 60. Qc7+ Kh6 61. Qd8 Raf6 62. Qxf6+ 1/2-1/2

[Event "IX EICC"]
[Site "Plovdiv BUL"]
[Date "2008.04.26"]
[Round "6"]
[White "Shanava, K."]
[Black "Galkin, A."]
[Result "1-0"]
[WhiteElo "2519"]
[BlackElo "2606"]
[PlyCount "143"]
[EventDate "2008.04.21"]
[SourceDate "1999.07.01"]

1. e4 c6 2. d4 d5 3. exd5 cxd5 4. c4 Nf6 5. Nc3 e6 6. Nf3 Bb4 7. cxd5 Nxd5 8.
Bd2 Nc6 9. Bd3 O-O 10. O-O Be7 11. Re1 Ndb4 12. Bf4 Nxd3 13. Qxd3 b6 14. a3 Bb7
15. Rad1 Nb8 16. d5 exd5 17. Qf5 g6 18. Qh3 Bf6 19. Bh6 Re8 20. Ne4 Na6 21.
Nxf6+ Qxf6 22. b4 Qd6 23. Ng5 f6 24. Nxh7 Kf7 25. Bf4 Qc6 26. Qh6 Rxe1+ 27.
Rxe1 Re8 28. Ng5+ fxg5 29. Qh7+ Kf6 30. Be5+ Rxe5 31. Qh8+ Kf7 32. Qxe5 Qd7 33.
Qh8 Bc6 34. Qh7+ Kf6 35. Qh6 Kf7 36. Qxg5 Nc7 37. Qf4+ Kg7 38. Qe5+ Kf7 39. Re3
Ne8 40. Rf3+ Kg8 41. h4 d4 42. Rf4 Qd5 43. Qxd5+ Bxd5 44. Rxd4 Nc7 45. f3 Kf7
46. Kf2 Ke7 47. g4 Be6 48. Kg3 Nd5 49. Rd2 Kf6 50. Rh2 Ne3 51. Kf4 Nc4 52. h5
g5+ 53. Kg3 Bg8 54. a4 Bh7 55. Re2 Ne5 56. f4 gxf4+ 57. Kxf4 Nd3+ 58. Kg3 Nxb4
59. Kh4 Nd5 60. g5+ Kf7 61. Rf2+ Kg7 62. Rd2 Bg8 63. Rc2 Bf7 64. Rc8 a5 65. Rb8
Nf4 66. h6+ Kh7 67. Rxb6 Ng6+ 68. Kg4 Be8 69. Rb7+ Kg8 70. Kf5 Nf8 71. Kf6 Bxa4
72. Rb8 1-0

[Event "IX EICC"]
[Site "Plovdiv BUL"]
[Date "2008.04.27"]
[Round "7"]
[White "Efimenko, Z."]
[Black "Pantsulaia, L."]
[Result "1/2-1/2"]
[WhiteElo "2660"]
[BlackElo "2617"]
[PlyCount "99"]
[EventDate "2008.04.21"]
[SourceDate "1999.07.01"]

1. e4 c6 2. d4 d5 3. e5 Bf5 4. Nf3 e6 5. Be2 Nd7 6. O-O Ne7 7. Nbd2 c5 8. c4 a6
9. dxc5 Nxc5 10. Nb3 Nd7 11. Bd2 Be4 12. Na5 dxc4 13. Nxc4 Nc6 14. Bg5 Qc7 15.
Rc1 Bc5 16. Nd6+ Bxd6 17. exd6 Qa5 18. Be7 Bd5 19. Bc4 Nb6 20. b4 Nxb4 21. Qd4
Rg8 22. Bxd5 N4xd5 23. Qh4 h6 24. Rfd1 Nd7 25. Nd4 g5 26. Qxh6 Nxe7 27. Nxe6
fxe6 28. Qh7 Ng6 29. Qxg8+ Ngf8 30. Qg7 Qd8 31. Rc7 Qf6 32. Qxf6 Nxf6 33. Re7+
Kd8 34. Rxb7 N8d7 35. Re1 e5 36. Rc1 a5 37. Rc6 Ke8 38. h3 a4 39. Rcc7 Ra6 40.
Ra7 Rxd6 41. Rxa4 Rd1+ 42. Kh2 Rd2 43. f3 Ke7 44. Rc6 Rd3 45. Raa6 e4 46. fxe4
g4 47. h4 Re3 48. Re6+ Kf7 49. e5 Ne4 50. g3 1/2-1/2

[Event "IX EICC"]
[Site "Plovdiv BUL"]
[Date "2008.04.27"]
[Round "7"]
[White "Zhigalko, S."]
[Black "Predojevic, B."]
[Result "1/2-1/2"]
[WhiteElo "2568"]
[BlackElo "2651"]
[PlyCount "92"]
[EventDate "2008.04.21"]
[SourceDate "1999.07.01"]

1. e4 c6 2. d4 d5 3. e5 Bf5 4. Nf3 e6 5. Be2 Bb4+ 6. c3 Ba5 7. O-O Nd7 8. Re1
h6 9. Nbd2 Ne7 10. Nf1 Bc7 11. Ng3 Bh7 12. Nh5 O-O 13. Bd3 Bxd3 14. Qxd3 Ng6
15. Qe3 f5 16. exf6 Nxf6 17. Qxe6+ Kh7 18. Qh3 Nxh5 19. Qxh5 Bf4 20. g3 Bxc1
21. Raxc1 Rf6 22. Ne5 Qd6 23. Re3 Raf8 24. Nd3 b6 25. b4 a5 26. Qe2 axb4 27.
cxb4 Qd7 28. a4 Kg8 29. Ra1 Qa7 30. Re8 b5 31. Rxf8+ Nxf8 32. Nc5 bxa4 33. Rxa4
Qb8 34. Qe1 Rf5 35. Ra6 Rf6 36. h4 Qc8 37. Ra7 Qf5 38. Re7 Kh7 39. Re2 Ng6 40.
Qd2 Nxh4 41. Qd3 Nf3+ 42. Kg2 Qxd3 43. Nxd3 Nxd4 44. Rd2 Nf5 45. Ne5 Ne7 46. f4
Re6 1/2-1/2

[Event "IX EICC"]
[Site "Plovdiv BUL"]
[Date "2008.04.27"]
[Round "7"]
[White "Parligras, M."]
[Black "Fridman, D2."]
[Result "0-1"]
[WhiteElo "2561"]
[BlackElo "2640"]
[PlyCount "104"]
[EventDate "2008.04.21"]
[SourceDate "1999.07.01"]

1. e4 c6 2. d4 d5 3. e5 c5 4. Nf3 Bg4 5. c4 cxd4 6. Qxd4 Bxf3 7. gxf3 Nc6 8.
Qxd5 e6 9. Qxd8+ Rxd8 10. f4 f6 11. Be3 Nd4 12. Bd3 fxe5 13. fxe5 Nf3+ 14. Ke2
Nxe5 15. Rd1 b6 16. Nc3 Nf6 17. Nb5 Bc5 18. Bc2 Rxd1 19. Rxd1 Bxe3 20. fxe3 Ke7
21. b3 g5 22. Nc3 g4 23. Ne4 Nxe4 24. Bxe4 h5 25. Rc1 Rc8 26. h3 g3 27. h4 Rg8
28. Rg1 Rg4 29. Bf3 Rxh4 30. Rxg3 Rh2+ 31. Rg2 Rxg2+ 32. Bxg2 Kd6 33. a3 a5 34.
Kd2 h4 35. Bh3 Nf3+ 36. Kd3 Ng5 37. Bg2 h3 38. Bh1 h2 39. b4 a4 40. Ke2 Nf7 41.
Kd3 Ne5+ 42. Kd4 Nc6+ 43. Kc3 Ne7 44. e4 Nc6 45. Bg2 Ke5 46. b5 Nd4 47. Kb4
Nc2+ 48. Kxa4 Kd4 49. Kb3 Ne3 50. Bh1 Nxc4 51. Kb4 e5 52. a4 Na5 0-1

[Event "IX EICC"]
[Site "Plovdiv BUL"]
[Date "2008.04.27"]
[Round "7"]
[White "Asrian, K."]
[Black "Sulskis, S."]
[Result "1-0"]
[WhiteElo "2630"]
[BlackElo "2553"]
[PlyCount "65"]
[EventDate "2008.04.21"]
[SourceDate "1999.07.01"]

1. e4 c6 2. d4 d5 3. e5 c5 4. dxc5 e6 5. a3 Bxc5 6. Qg4 Kf8 7. Nf3 Nc6 8. Bd3
f6 9. b4 Bb6 10. Bb2 f5 11. Qg3 Nh6 12. Nbd2 Bd7 13. c4 Ne7 14. O-O Qe8 15.
Rac1 Qg6 16. c5 Bc7 17. Nd4 Qxg3 18. hxg3 g5 19. b5 Nf7 20. f4 h5 21. N2f3 Rg8
22. c6 bxc6 23. bxc6 Bc8 24. Nb5 Bb6+ 25. Bd4 gxf4 26. gxf4 Rg4 27. Bxb6 axb6
28. Nfd4 Ra4 29. Be2 Rg3 30. Bxh5 Re3 31. Rfd1 Nh6 32. Nd6 Raxa3 33. Nc2 1-0

[Event "TCh-RUS Major League"]
[Site "Dagomys RUS"]
[Date "2008.04.04"]
[Round "2"]
[White "Kryvoruchko, Y."]
[Black "Yevseev, D."]
[Result "1-0"]
[WhiteElo "2612"]
[BlackElo "2512"]
[PlyCount "73"]
[EventDate "2008.04.02"]
[SourceDate "1999.07.01"]

1. e4 c6 2. d4 d5 3. exd5 cxd5 4. c4 Nf6 5. Nc3 e6 6. Nf3 Bb4 7. cxd5 Nxd5 8.
Qc2 Nc6 9. Bd3 Ba5 10. a3 h6 11. O-O O-O 12. Bh7+ Kh8 13. Be4 Nce7 14. Ne5 Nf6
15. Rd1 Nxe4 16. Qxe4 f6 17. Nd3 Nd5 18. Bd2 Bb6 19. Rac1 Bd7 20. Nf4 Nxf4 21.
Bxf4 Rc8 22. Qxb7 Bc6 23. Qa6 Bxd4 24. Be3 Qb6 25. Qxb6 Bxb6 26. Bxb6 axb6 27.
Rd6 e5 28. Na2 Be4 29. Rxc8 Rxc8 30. Rxb6 Rc2 31. h3 Bd3 32. a4 e4 33. a5 Rc5
34. a6 Ra5 35. Nb4 Ra4 36. f3 Kh7 37. Kf2 1-0